000 00271nam a22001217a 4500
008 171108b xxu||||| |||| 00| 0 eng d
041 _aeng
080 _22ND
_a330.322
100 _a64
101 _aINV
245 _aTHE INTELLIGENT INVESTOR
_cGRAHAM,B
942 _2udc
_cBK
999 _c38187
_d38187